Tập bài giảng luật tố tụng hành chính Việt Nam
Giới thiệu những vấn đề chung về bảo đảm quyền có người bào chữa. Trình bày về bảo đảm quyền có người bào chữa trong tố tụng hình sự Đức, Hoa Kỳ, Việt Nam. Đồng thời đánh giá, so sánh và kiến nghị hoàn thiện pháp luật tố tụng hình...
Saved in:
| Main Author: | |
|---|---|
| Format: | Book |
| Language: | Undetermined |
| Published: |
Hà Nội
Chính trị Quốc gia
2013
|
| Subjects: | |
| Tags: |
Add Tag
No Tags, Be the first to tag this record!
|
| Institutions: | Trung tâm Học liệu Trường Đại học Cần Thơ |
|---|
| LEADER | 01117nam a2200217Ia 4500 | ||
|---|---|---|---|
| 001 | CTU_199771 | ||
| 008 | 210402s9999 xx 000 0 und d | ||
| 020 | |c 80000 | ||
| 082 | |a 342.597066 | ||
| 082 | |b Ch300 | ||
| 100 | |a Lê, Thị Bích Chi | ||
| 245 | 0 | |a Tập bài giảng luật tố tụng hành chính Việt Nam | |
| 245 | 0 | |c Lê Thị Bích Chi | |
| 260 | |a Hà Nội | ||
| 260 | |b Chính trị Quốc gia | ||
| 260 | |c 2013 | ||
| 520 | |a Giới thiệu những vấn đề chung về bảo đảm quyền có người bào chữa. Trình bày về bảo đảm quyền có người bào chữa trong tố tụng hình sự Đức, Hoa Kỳ, Việt Nam. Đồng thời đánh giá, so sánh và kiến nghị hoàn thiện pháp luật tố tụng hình sự Việt Nam về bảo đảm quyền có người bào chữa | ||
| 650 | |a Administrative procedure,Thủ tục hành chính | ||
| 650 | |z Vietnam,Việt Nam | ||
| 904 | |i Hải | ||
| 980 | |a Trung tâm Học liệu Trường Đại học Cần Thơ | ||